Statistics for Generator Dash #33

Click here to take the quiz!

General Stats

  • This quiz has been taken 93 times
  • The average score is 7 of 11

Answer Stats

HintAnswer% Correct
Phone again (6)Redial
88%
Less beautiful (6)Uglier
86%
Easily broken (7)Fragile
85%
Hitchcock or Nobel (6)Alfred
81%
Meadow (5)Field
81%
Firearm (5)Rifle
74%
US President (8)Garfield
66%
Most suitable, perfect (5)Ideal
56%
Quiet aircraft (6)Glider
55%
9-Letter WordLIFEGUARD
41%
The mother of success (7)Failure
27%

Score Distribution

Percentile by Number Answered

Percent of People with Each Score

Your Score History

You have not taken this quiz